000 00793nam a2200253 i 4500
001 27641
003 ES-MaACL
005 20230906153654.0
007 t|
008 030115s1978 sp ||||1| spa d
020 _a84-85416-01-5
080 _a809.169-321.2
100 1 _aArbelaiz, Juan José.
_922381
245 1 4 _aLas etimologías vascas en la obra de Luis Michelena /
_cJuan José Arbelaiz.
260 _aTolosa [Guipuzcoa] :
_bLibrería Técnica de Difusión,
_c1978.
300 _a155 p. ;
_c22 cm.
490 1 _aKardaberaz bilduma ;
_v31
504 _aBibliografía: p. 149-155.
600 1 4 _aMichelena, Luis.
_980916
650 4 _aLengua vasca-
_xEtimología.
_9148852
830 1 _aKardaberaz bilduma ;
_v31
_9181842
852 _aES-MaACL
_jA-9067
999 _c27641
_d27641